Teams That Have Beaten Michigan State Since 2008 In College Football - Statistics

General Stats
  • This quiz has been taken 522 times
  • The average score is 19 of 27
Answer Stats
Date Bowl Game Score Team % Correct
10/20/2012 - 12-10 Michigan
97%
10/18/2008 - 45-7 Ohio State
93%
9/29/2012 - 17-16 Ohio State
93%
11/8/2014 - 49-37 Ohio State
93%
1/1/2011 2011 Capital One Bowl 49-7 Alabama
92%
12/31/2015 CFP Semifinal- 2015 Goodyear Cotton Bowl 38-0 Alabama
92%
9/26/2009 - 38-30 Wisconsin
83%
12/3/2011 2011 Big Ten Championship Game 42-39 Wisconsin
83%
10/24/2009 - 15-13 Iowa
80%
10/30/2010 - 37-6 Iowa
80%
10/13/2012 - 19-16 (OT) Iowa
80%
11/22/2008 - 49-18 Penn State
79%
11/21/2009 - 42-14 Penn State
79%
10/29/2011 - 24-3 Nebraska
73%
11/3/2012 - 28-24 Nebraska
73%
11/7/2015 - 39-38 Nebraska
73%
10/31/2009 - 42-34 Minnesota
70%
9/19/2009 - 33-30 Notre Dame
65%
9/17/2011 - 31-13 Notre Dame
65%
9/15/2012 - 20-3 Notre Dame
65%
9/21/2013 - 17-13 Notre Dame
65%
11/17/2012 - 23-20 Northwestern
64%
1/1/2009 2009 Capital One Bowl 24-12 Georgia
58%
9/6/2014 - 46-27 Oregon
57%
1/2/2010 2010 Valero Alamo Bowl 41-31 Texas Tech
37%
9/12/2009 - 29-27 Central Michigan
29%
8/30/2008 - 38-31 California
20%
No matching quizzes found
Score Distribution
Percent of People with Each Score
Percentile by Number Answered
Your Score History
You have not taken this quiz